Siacre 2015 : aportes y conclusiones : (Registro nro. 19826)

Detalles MARC
000 -CABECERA
Campo de control 01195nam a2200277 a 4500
005 - FECHA Y HORA DE LA ULTIMA TRANSACCION
Campo de control 20170914172352.0
008 - ELEMENTOS DE LONGITUD FIJA—INFORMACION GENERAL
Campo de control 170914s2017 ag d||||r|||| 00| 0 spa d
020 ## - ISBN
ISBN 9789879132562
040 ## - FUENTE DE CATALOGACIÓN
Agencia catalogadora original CO-BoIAVH
Agencia transcriptora CO-BoIAVH
041 0# - IDIOMA
Código de idioma para texto/pista de sonido o título separado Español
044 ## - PAÍS DE PUBLICACIÓN
País de publicación Argentina
082 04 - NUMERO DE CLASIFICACION DECIMAL DEWEY
Número de clasificación 577
Número del ítem Z84a
245 00 - MENCION DE TITULO
Título Siacre 2015 : aportes y conclusiones :
Parte restante del título tomando decisiones para revertir la degradación ambiental /
Mención de responsabilidad editado por Gustavo Adolfo Zuleta, Adriana Edit Rovere y Federico Mollard
250 ## - MENCION DE EDICION
Mención de edición Primera edición
260 ## - PUBLICACION, DISTRIBUCION, ETC. (PIE DE IMPRENTA)
Lugar de publicación, distribución, etc. Buenos Aires (Argentina) :
Nombre del editor, distribuidor, etc. Vázquez Mazzini Editores,
Fecha de publicación, distribución, etc. 2017.
300 ## - DESCRIPCION FISICA
Extensión 240 páginas :
Otros detalles físicos tablas y fotografías ;
Dimensiones 24 x 17 cm.
504 ## - NOTA DE BIBLIOGRAFIA, ETC.
Nota de bibliografía Incluye referencias bibliográficas.
650 26 - ASIENTO SECUNDARIO DE MATERIA - TERMINO TEMATICO
Término temático o nombre geográfico como elemento de entrada Medio ambiente
Subdivisión general Memorias
Subdivisión de forma Congresos, conferencias, etc.
9 (RLIN) 84495
650 26 - ASIENTO SECUNDARIO DE MATERIA - TERMINO TEMATICO
Término temático o nombre geográfico como elemento de entrada Gestión ambiental
Subdivisión general Memorias
Subdivisión de forma Congresos, conferencias, etc.
9 (RLIN) 84496
650 26 - ASIENTO SECUNDARIO DE MATERIA - TERMINO TEMATICO
Término temático o nombre geográfico como elemento de entrada Ecología
Subdivisión general Memorias
Subdivisión de forma Congresos, conferencias, etc.
9 (RLIN) 84497
650 26 - ASIENTO SECUNDARIO DE MATERIA - TERMINO TEMATICO
Término temático o nombre geográfico como elemento de entrada Investigación
Subdivisión general Memorias
Subdivisión de forma Congresos, conferencias, etc.
9 (RLIN) 84498
700 1# - ASIENTO SECUNDARIO - NOMBRE PERSONAL
Nombre personal Zuleta, Gustavo Arnulfo
Término de relación editor
9 (RLIN) 84488
700 1# - ASIENTO SECUNDARIO - NOMBRE PERSONAL
Nombre personal Rovere, Adriana
Término de relación editora
9 (RLIN) 84489
700 1# - ASIENTO SECUNDARIO - NOMBRE PERSONAL
Nombre personal Mollard, Federico
Término de relación editor
9 (RLIN) 84490
942 ## - ELEMENTOS ADICIONALES (KOHA)
Sistema de clasificación Dewey Decimal Classification
Tipo de ítem Libro
Existencias
Withdrawn status Lost status Sistema de Clasificación Damaged status No para préstamo Colección Inventariado Ubicación Permanente Ubicación actual Fecha de adquisición Fuente de Valor Valor Total Checkouts Número topográfico Inventario / Código de Barras Date last seen Ejemplar Price effective from Forma de adquisición Tipo de material
    Dewey Decimal Classification     General Inventariado 2017 Bogotá Bogotá 14/09/2017 Instituto 39000.00   LB-577 Z84a 041654 14/09/2017 Ej. 1 14/09/2017 Donación Libro